| 000 | 00000nam 2200000zi 4500 |
| 001 | 9.925297 |
| 003 | CaOODSP |
| 005 | 20241126152948 |
| 006 | m o d f |
| 007 | cr |n||||||||| |
| 008 | 230719e19831011nsc o f|0| 0 eng d |
| 040 | |aCaOODSP|beng|erda|cCaOODSP |
| 043 | |an-cn--- |
| 086 | 1 |aEn4-562/1983E-PDF |
| 245 | 10|aArea wide assessments : |ba discussion paper. |
| 264 | 1|aDartmouth, Nova Scotia : |bEnvironment Canada, Atlantic Region, |cOctober 11, 1983. |
| 300 | |a1 online resource (8 pages) |
| 336 | |atext|btxt|2rdacontent |
| 337 | |acomputer|bc|2rdamedia |
| 338 | |aonline resource|bcr|2rdacarrier |
| 500 | |aDigitized edition from print [produced by Environment and Climate Change Canada]. |
| 650 | 0|aEnvironmental impact analysis|zCanada. |
| 650 | 6|aEnvironnement|xÉtudes d'impact|zCanada. |
| 710 | 1 |aCanada.|bEnvironment Canada. |bAtlantic Region, |eissuing body. |
| 856 | 40|qPDF|s1.57 MB|uhttps://publications.gc.ca/collections/collection_2024/eccc/en4/En4-562-1983-eng.pdf |